000 00382nam a2200169Ia 4500
100 _aDhar/Sujit
650 _aDiscrete electronics
942 _cBK
366 _f20
654 _aDiscrete electronics
245 _aDiscrete Electronics circuits and its applications
260 _bUSP
_c2011
082 _bDHA
300 _a921
546 _aENGLISH
_cPAMPHALETS
999 _c23234
_d23234